Szczegóły MARC21

Sprachteorie : eine Einführung in die Genarative Grammatik. Bd. 2, Die Rektions- und Bindungstheorie /

003 -Nazwa inst., której nr kontr. jest w polu 001 [,]
    • @
    • Nazwa instytucji, której n kontrolny jest w polu 001
    • NUKAT
005 -DATA I CZAS OSTATNIEJ MODYFIKACJI [,]
    • @
    • pole kontrolne
    • 20241231094048.0
020 -Międzynarod. znormalizowany nr książki - ISBN [ , ]
    • a
    • Numer ISBN
    • 3772017320 Find
040 -Instytucja sporządzająca opis [ , ]
    • a
    • Instytucja, która sporządziła opis (NP)
    • LUBL U/rok
    • c
    • Instytucja, która sporządziła rekord (NP)
    • LUBL U/roks
    • d
    • Instytucja, która zmodyfikowała rekord (P)
    • LUBL U/EWi
942 -Rodzaj dokumentu [ , ]
    • c
    • Rodzaj dokumentu
    • Książka
100 -Hasło główne - nazwa osobowa [1, ]
    • a
    • Nazwa osobowa (NP)
    • Fanselow, Gisbert
    • d
    • Daty biograficzne (NP)
    • (1959- ).
    • 9
    • KHW
    • 436089
245 -Strefa tytułu i oznaczenia odpowiedzialności [1,0]
    • a
    • Tytuł
    • Sprachteorie : Find
    • b
    • Ciąg dalszy tytułu (NP)
    • eine Einführung in die Genarative Grammatik. Find
    • n
    • Oznaczenie części (P)
    • Bd. 2,
    • p
    • Nazwa części (P)
    • Die Rektions- und Bindungstheorie /
    • c
    • Pozostałe elementy strefy tytułu i oznaczenia odpowiedzialności (NP)
    • Gisbert Fanselow, Sacha W. Felix.
260 -Strefa adresu wydawniczego [ , ]
    • a
    • Miejsce wydania (P)
    • Tübingen :
    • b
    • Nazwa wydawcy (P)
    • Francke Verlag,
    • c
    • Data wydania (P)
    • 1987.
300 -Strefa opisu fizycznego [ , ]
    • a
    • Określenie formy książki i/lub objętość (NP)
    • 278, [2] s. ;
    • c
    • Format (NP)
    • 19 cm.
336 -Typ zawartości [ , ]
    • a
    • Termin opisujący typ zawartości
    • Tekst
    • b
    • Kod określający zawartość
    • txt
    • 2
    • Źródło (terminu i kodu)
    • rdacontent
337 -Typ mediów [ , ]
    • a
    • Tryb odtwarzania
    • Bez urządzenia pośredniczącego
    • b
    • Kod typu mediów
    • n
    • 2
    • Źródło (terminu i kodu)
    • rdamedia
338 -Typ/rodzaj nośnika [ , ]
    • a
    • Hasło opisujące typ nośnika
    • Wolumin
    • b
    • Kod typu nośnika
    • nc
    • 2
    • Źródło (terminu i kodu)
    • rdacarrier
490 -Strefa serii i książki wielotomowej - forma nie do wyszukiwania [1, ]
    • a
    • Tytuł (P)
    • UTB für Wissenschaft ; Find
    • v
    • Numeracja (P)
    • 1442
830 -Hasło dodatkowe serii i opisu książki wielotomowej - tytuł ujednolicony/tytuł [ ,0]
    • a
    • Tytuł ujednolicony/tytuł (NP)
    • UTB Uni-Taschenbücher
    • x
    • ISSN
    • 0340-7225
    • v
    • Oznaczenie tomu (NP)
    • 1442
    • 9
    • KHW
    • 15685
504 -Uwaga dot. bibliogr. załącznikowej [ , ]
    • a
    • Uwaga dot. bibliografii załącznikowej
    • Bibliogr. s. 265-273. Indeks.
650 -Hasło przedmiotowe [ ,7]
    • a
    • Hasło przedmiotowe
    • Gramatyka generatywna.
    • 2
    • Źródło terminu
    • kaba
    • 9
    • KHW
    • 110336
700 -Hasło dodatkowe - nazwa osobowa [1, ]
    • a
    • Nazwa osobowa (NP)
    • Felix, Sascha W. Find
    • d
    • Daty biograficzne (NP)
    • (1945- ).
    • 9
    • KHW
    • 436090
710 -Hasło dodatkowe - nazwa ciała zbiorowego [2, ]
    • a
    • Nazwa ciała zbiorowego lub nazwa geograficzna jako pierwszy element (NP)
    • Francke Verlag (1831-2004).
    • 4
    • Kod relacji
    • pbl
    • 9
    • KHW
    • 75536
920 -ISBN [ , ]
    • a
    • ISBN
    • 3-7720-1732-0 Find
Sygnatura Lokalizacja Status udost. Numer inwentarzowy
GERM. Gramatyka 02BM1G.7167